Normal view
MARC view
- الجالودي، حسام عبد الكريم
Entry Personal Name
001 - CONTROL NUMBER
- control field: 59184
003 - CONTROL NUMBER IDENTIFIER
- control field: JO-AjAnu
005 - DATE AND TIME OF LATEST TRANSACTION
- control field: 20230606083700.0
008 - FIXED-LENGTH DATA ELEMENTS
- fixed length control field: 230606|| aca||aabn | a|a d
040 ## - CATALOGING SOURCE
- Original cataloging agency: JO-AjAnu
- Transcribing agency: JO-AjAnu
100 ## - HEADING--PERSONAL NAME
- Personal name: الجالودي، حسام عبد الكريم
670 ## - SOURCE DATA FOUND
- Source citation: Work cat.: (JO-AjAnu)30188: الجالودي، حسام عبد الكريم, author, المواجهة القانونية والأمنية للإرهاب